| 000 | 00521nam a22001817a 4500 | ||
|---|---|---|---|
| 003 | NUST - PNEC | ||
| 005 | 20170116181050.0 | ||
| 008 | 150929b xxu||||| |||| 00| 0 eng d | ||
| 020 | _a0705409716 | ||
| 040 | _cLIBRARY | ||
| 082 | _a930 TIM | ||
| 100 |
_911822 _aTime-life books |
||
| 245 |
_aBarbarian tides : time frame--1500-600 BC _cTime-Life Books |
||
| 260 |
_aU.S.A. _cc1987. |
||
| 300 | _a176 p.: | ||
| 650 |
_911826 _aEurop, history, ancient, human being migration, world history _xGeneral |
||
| 942 |
_2ddc _cBK |
||
| 999 |
_c68358 _d68358 |
||